[Event "45th FIDE Chess Olympiad Open"]
[Site "Budapest, Hungary"]
[Date "2024.09.20"]
[Round "9"]
[White "Salinas Herrera, Pablo"]
[Black "Waldhausen Gordon, Frederick"]
[Result "1-0"]
[Board "102"]
[WhiteFideId "3407128"]
[BlackFideId "2409143"]
[WhiteTitle "GM"]
[BlackTitle "FM"]
[WhiteElo "2479"]
[BlackElo "2351"]
[WhiteTeam "Chile"]
[BlackTeam "Scotland"]
[WhiteClock "0:20:46"]
[BlackClock "0:21:22"]
[Variant "Standard"]

1. e4 {[%clk 1:29:59]}  e6 {[%clk 1:30:56]} 2. d4 {[%clk 1:26:32]}  d5 {[%clk 1:31:19]} 3. e5 {[%clk 1:26:59]}  c5 {[%clk 1:31:37]} 4. c3 {[%clk 1:27:28]}  Qb6 {[%clk 1:30:23]} 5. Nf3 {[%clk 1:27:51]}  Bd7 {[%clk 1:30:15]} 6. Be2 {[%clk 1:28:11]}  Bb5 {[%clk 1:29:47]} 7. dxc5 {[%clk 1:15:19]}  Bxc5 {[%clk 1:28:56]} 8. O-O {[%clk 1:06:32]}  Bxe2 {[%clk 1:24:17]} 9. Qxe2 {[%clk 1:06:56]}  a5 {[%clk 1:24:40]} 10. Nbd2 {[%clk 1:06:26]}  a4 {[%clk 1:18:55]} 11. Rb1 {[%clk 1:06:50]}  Qa6 {[%clk 1:12:08]} 12. Qd1 {[%clk 1:07:06]}  Ne7 {[%clk 1:10:42]} 13. b4 {[%clk 1:06:07]}  axb3 {[%clk 1:09:58]} 14. axb3 {[%clk 1:05:39]}  Qd3 {[%clk 1:07:44]} 15. b4 {[%clk 1:05:37]}  Bb6 {[%clk 1:06:48]} 16. Rb3 {[%clk 1:05:36]}  Qb5 {[%clk 1:03:23]} 17. Qc2 {[%clk 1:02:47]}  O-O {[%clk 0:57:02]} 18. Ng5 {[%clk 0:44:02]}  Nf5 {[%clk 0:48:51]} 19. g4 {[%clk 0:39:10]}  Qe2 {[%clk 0:48:59]} 20. gxf5 {[%clk 0:39:02]}  Qg4+ {[%clk 0:49:23]} 21. Kh1 {[%clk 0:39:27]}  Qxg5 {[%clk 0:49:48]} 22. c4 {[%clk 0:38:05]}  Rc8 {[%clk 0:40:59]} 23. fxe6 {[%clk 0:33:11]}  fxe6 {[%clk 0:41:08]} 24. Rg3 {[%clk 0:29:38]}  Qe7 {[%clk 0:34:18]} 25. c5 {[%clk 0:27:56]}  Bc7 {[%clk 0:29:52]} 26. Nf3 {[%clk 0:25:15]}  Rf8 {[%clk 0:26:22]} 27. Rfg1 {[%clk 0:20:21]}  Rxf3 {[%clk 0:23:10]} 28. Rxf3 {[%clk 0:20:48]}  Qh4 {[%clk 0:22:45]} 29. Rf4 {[%clk 0:19:28]}  Qh3 {[%clk 0:22:08]} 30. Qe2 {[%clk 0:19:54]}  Nc6 {[%clk 0:21:38]} 31. Rg3 {[%clk 0:20:19]}  Qxg3 {[%clk 0:20:56]} 32. fxg3 {[%clk 0:20:44]}  Bxe5 {[%clk 0:21:22]} 33. Rf1 {[%clk 0:20:46]} 1-0

[Event "45th FIDE Chess Olympiad Open"]
[Site "Budapest, Hungary"]
[Date "2024.09.20"]
[Round "9"]
[White "Abdulla, Murad"]
[Black "Vasquez Schroeder, Rodrigo"]
[Result "1/2-1/2"]
[Board "103"]
[WhiteFideId "2403757"]
[BlackFideId "3400042"]
[WhiteTitle "FM"]
[BlackTitle "GM"]
[WhiteElo "2312"]
[BlackElo "2457"]
[WhiteTeam "Scotland"]
[BlackTeam "Chile"]
[WhiteClock "0:16:36"]
[BlackClock "0:32:12"]
[Variant "Standard"]

1. e4 {[%clk 1:30:53]}  c5 {[%clk 1:30:54]} 2. c3 {[%clk 1:31:09]}  e6 {[%clk 1:27:36]} 3. Nf3 {[%clk 1:27:58]}  Nc6 {[%clk 1:27:19]} 4. d4 {[%clk 1:19:19]}  d5 {[%clk 1:27:41]} 5. exd5 {[%clk 1:16:39]}  exd5 {[%clk 1:24:51]} 6. Be2 {[%clk 1:15:34]}  c4 {[%clk 1:24:03]} 7. b3 {[%clk 1:11:50]}  cxb3 {[%clk 1:24:12]} 8. axb3 {[%clk 1:11:40]}  Bd6 {[%clk 1:24:26]} 9. O-O {[%clk 1:11:19]}  Nge7 {[%clk 1:24:45]} 10. Re1 {[%clk 0:57:28]}  O-O {[%clk 1:24:39]} 11. Ba3 {[%clk 0:56:49]}  h6 {[%clk 1:19:52]} 12. Bxd6 {[%clk 0:54:55]}  Qxd6 {[%clk 1:20:16]} 13. Nbd2 {[%clk 0:53:35]}  Bg4 {[%clk 1:10:52]} 14. h3 {[%clk 0:45:42]}  Bf5 {[%clk 1:09:49]} 15. Nf1 {[%clk 0:45:41]}  Rfe8 {[%clk 1:07:39]} 16. Bd3 {[%clk 0:44:19]}  Qd7 {[%clk 1:01:48]} 17. Ng3 {[%clk 0:40:07]}  Bxd3 {[%clk 1:00:30]} 18. Qxd3 {[%clk 0:40:33]}  Ng6 {[%clk 0:58:39]} 19. b4 {[%clk 0:38:21]}  b6 {[%clk 0:56:24]} 20. Qf5 {[%clk 0:33:46]}  Qd6 {[%clk 0:55:09]} 21. b5 {[%clk 0:28:47]}  Nce7 {[%clk 0:51:52]} 22. Qd3 {[%clk 0:26:40]}  Qd7 {[%clk 0:50:37]} 23. Ne5 {[%clk 0:22:14]}  Nxe5 {[%clk 0:50:56]} 24. Rxe5 {[%clk 0:22:32]}  Ng6 {[%clk 0:49:57]} 25. Rxe8+ {[%clk 0:19:57]}  Rxe8 {[%clk 0:49:40]} 26. Qf5 {[%clk 0:19:23]}  Re6 {[%clk 0:46:11]} 27. Nf1 {[%clk 0:18:24]}  Ne7 {[%clk 0:43:50]} 28. Qd3 {[%clk 0:18:11]}  Nc8 {[%clk 0:37:04]} 29. Ne3 {[%clk 0:18:12]}  Nd6 {[%clk 0:36:55]} 30. Nxd5 {[%clk 0:16:36]}  Qxb5 {[%clk 0:32:12]} 1/2-1/2

[Event "45th FIDE Chess Olympiad Open"]
[Site "Budapest, Hungary"]
[Date "2024.09.20"]
[Round "9"]
[White "Lopez Silva, Hugo"]
[Black "Gourlay, Iain"]
[Result "1/2-1/2"]
[Board "104"]
[WhiteFideId "3403874"]
[BlackFideId "2401533"]
[WhiteTitle "IM"]
[BlackTitle "FM"]
[WhiteElo "2379"]
[BlackElo "2296"]
[WhiteTeam "Chile"]
[BlackTeam "Scotland"]
[WhiteClock "0:00:46"]
[BlackClock "0:03:56"]
[Variant "Standard"]

1. e4 {[%clk 1:30:25]}  c5 {[%clk 1:30:37]} 2. Nf3 {[%clk 1:29:53]}  Nc6 {[%clk 1:30:51]} 3. d4 {[%clk 1:29:56]}  cxd4 {[%clk 1:31:10]} 4. Nxd4 {[%clk 1:30:22]}  e5 {[%clk 1:31:17]} 5. Nb5 {[%clk 1:30:40]}  d6 {[%clk 1:31:32]} 6. c4 {[%clk 1:27:55]}  Be6 {[%clk 1:31:39]} 7. Bd3 {[%clk 1:27:20]}  Nf6 {[%clk 1:29:55]} 8. O-O {[%clk 1:24:01]}  g6 {[%clk 1:29:01]} 9. N1c3 {[%clk 1:20:24]}  a6 {[%clk 1:28:01]} 10. Na3 {[%clk 1:20:51]}  Bg7 {[%clk 1:27:51]} 11. Nc2 {[%clk 1:15:34]}  O-O {[%clk 1:21:20]} 12. Nd5 {[%clk 1:08:23]}  Bxd5 {[%clk 1:08:21]} 13. cxd5 {[%clk 1:08:23]}  Nd4 {[%clk 1:02:36]} 14. Nxd4 {[%clk 1:08:15]}  exd4 {[%clk 1:03:00]} 15. Bg5 {[%clk 1:08:43]}  Qb6 {[%clk 1:01:11]} 16. Bxf6 {[%clk 1:09:05]}  Bxf6 {[%clk 1:01:35]} 17. Rb1 {[%clk 1:00:57]}  Rac8 {[%clk 0:56:35]} 18. g3 {[%clk 1:00:45]}  Bg7 {[%clk 0:39:26]} 19. h4 {[%clk 0:56:17]}  Qd8 {[%clk 0:24:33]} 20. Kg2 {[%clk 0:48:49]}  Rc7 {[%clk 0:22:24]} 21. Re1 {[%clk 0:36:07]}  Re8 {[%clk 0:19:14]} 22. Qd2 {[%clk 0:23:13]}  Rce7 {[%clk 0:15:40]} 23. Qb4 {[%clk 0:17:06]}  Qd7 {[%clk 0:14:08]} 24. Rbc1 {[%clk 0:16:17]}  Bh6 {[%clk 0:13:26]} 25. Rcd1 {[%clk 0:15:46]}  Bg7 {[%clk 0:13:30]} 26. Rc1 {[%clk 0:09:55]}  Bh6 {[%clk 0:12:18]} 27. Ra1 {[%clk 0:08:21]}  Bg7 {[%clk 0:12:18]} 28. Rad1 {[%clk 0:08:29]}  Bf6 {[%clk 0:05:17]} 29. Re2 {[%clk 0:07:15]}  Bg7 {[%clk 0:04:45]} 30. Rde1 {[%clk 0:04:16]}  Be5 {[%clk 0:03:15]} 31. Rf1 {[%clk 0:02:00]}  Bg7 {[%clk 0:03:15]} 32. Rfe1 {[%clk 0:02:07]}  Be5 {[%clk 0:03:38]} 33. Rf1 {[%clk 0:02:33]}  Bg7 {[%clk 0:03:56]} 34. Rfe1 {[%clk 0:00:46]} 1/2-1/2

[Event "45th FIDE Chess Olympiad Open"]
[Site "Budapest, Hungary"]
[Date "2024.09.20"]
[Round "9"]
[White "Dardha, Daniel"]
[Black "Khoroshev, Nikita"]
[Result "1-0"]
[Board "105"]
[WhiteFideId "240990"]
[BlackFideId "14200287"]
[WhiteTitle "GM"]
[BlackTitle "IM"]
[WhiteElo "2603"]
[BlackElo "2355"]
[WhiteTeam "Belgium"]
[BlackTeam "Kyrgyzstan"]
[WhiteClock "0:06:59"]
[BlackClock "0:21:21"]
[Variant "Standard"]

1. c4 {[%clk 1:30:51]}  b6 {[%clk 1:30:43]} 2. d4 {[%clk 1:30:08]}  Bb7 {[%clk 1:31:01]} 3. Nc3 {[%clk 1:29:56]}  e6 {[%clk 1:31:09]} 4. a3 {[%clk 1:29:50]}  f5 {[%clk 1:31:33]} 5. Nf3 {[%clk 1:29:35]}  Nf6 {[%clk 1:29:14]} 6. d5 {[%clk 1:26:44]}  Be7 {[%clk 1:26:52]} 7. g3 {[%clk 1:13:07]}  O-O {[%clk 1:25:43]} 8. Bg2 {[%clk 1:10:35]}  Na6 {[%clk 1:25:55]} 9. Nd4 {[%clk 1:08:04]}  Nc5 {[%clk 1:25:26]} 10. O-O {[%clk 1:08:18]}  a5 {[%clk 1:25:34]} 11. Bf4 {[%clk 0:59:03]}  a4 {[%clk 1:15:02]} 12. Ndb5 {[%clk 0:49:01]}  d6 {[%clk 1:11:51]} 13. Be3 {[%clk 0:49:10]}  e5 {[%clk 1:00:41]} 14. Bxc5 {[%clk 0:49:26]}  bxc5 {[%clk 1:01:07]} 15. Nxa4 {[%clk 0:49:51]}  e4 {[%clk 1:01:10]} 16. Bh3 {[%clk 0:38:02]}  g6 {[%clk 0:57:37]} 17. Nac3 {[%clk 0:36:15]}  c6 {[%clk 0:55:11]} 18. dxc6 {[%clk 0:36:24]}  Bxc6 {[%clk 0:55:39]} 19. Qc2 {[%clk 0:32:35]}  Qb8 {[%clk 0:51:05]} 20. Rfd1 {[%clk 0:30:21]}  Kg7 {[%clk 0:42:53]} 21. e3 {[%clk 0:25:47]}  h5 {[%clk 0:37:06]} 22. b4 {[%clk 0:24:47]}  Rd8 {[%clk 0:29:16]} 23. Rab1 {[%clk 0:22:44]}  Qc8 {[%clk 0:25:12]} 24. Qb2 {[%clk 0:22:44]}  Kf7 {[%clk 0:25:12]} 25. Rd2 {[%clk 0:22:44]}  Ra6 {[%clk 0:13:29]} 26. Rbd1 {[%clk 0:17:14]}  Ba8 {[%clk 0:14:16]} 27. Bf1 {[%clk 0:17:14]}  h4 {[%clk 0:14:16]} 28. Qb3 {[%clk 0:13:49]}  hxg3 {[%clk 0:13:55]} 29. hxg3 {[%clk 0:14:13]}  f4 {[%clk 0:10:32]} 30. exf4 {[%clk 0:10:47]}  e3 {[%clk 0:10:24]} 31. fxe3 {[%clk 0:11:04]}  Qg4 {[%clk 0:09:06]} 32. Nd5 {[%clk 0:09:02]}  Rh8 {[%clk 0:08:08]} 33. Qd3 {[%clk 0:06:23]}  Bxd5 {[%clk 0:06:18]} 34. cxd5 {[%clk 0:06:48]}  c4 {[%clk 0:06:40]} 35. Qe2 {[%clk 0:05:52]}  Qxg3+ {[%clk 0:06:16]} 36. Qg2 {[%clk 0:06:17]}  Qxe3+ {[%clk 0:05:56]} 37. Qf2 {[%clk 0:06:43]}  Qe4 {[%clk 0:04:41]} 38. Bg2 {[%clk 0:06:51]}  Qf5 {[%clk 0:05:08]} 39. Qe3 {[%clk 0:04:14]}  Bd8 {[%clk 0:02:58]} 40. Qe6+ {[%clk 0:00:46]}  Kg7 {[%clk 0:03:24]} 41. Qxf5 {[%clk 0:30:01]}  gxf5 {[%clk 0:29:59]} 42. Bf3 {[%clk 0:26:49]}  Bb6+ {[%clk 0:27:21]} 43. Kg2 {[%clk 0:23:12]}  Be3 {[%clk 0:26:45]} 44. Rc2 {[%clk 0:21:37]}  Rb8 {[%clk 0:25:05]} 45. Re1 {[%clk 0:17:57]}  Rxb5 {[%clk 0:25:25]} 46. Rxe3 {[%clk 0:18:23]}  Nxd5 {[%clk 0:25:48]} 47. Bxd5 {[%clk 0:18:49]}  Rxd5 {[%clk 0:26:14]} 48. Rxc4 {[%clk 0:16:50]}  Ra8 {[%clk 0:22:43]} 49. Rc7+ {[%clk 0:14:48]}  Kf6 {[%clk 0:22:19]} 50. Rce7 {[%clk 0:12:56]}  Rd2+ {[%clk 0:22:47]} 51. Kf1 {[%clk 0:11:26]}  Kg6 {[%clk 0:23:10]} 52. R3e6+ {[%clk 0:11:34]}  Kh5 {[%clk 0:22:12]} 53. Rg7 {[%clk 0:06:38]}  Rh8 {[%clk 0:22:12]} 54. Rg1 {[%clk 0:06:53]}  Rd1+ {[%clk 0:21:14]} 55. Re1 {[%clk 0:06:53]}  Rxe1+ {[%clk 0:21:26]} 56. Kxe1 {[%clk 0:07:19]}  Ra8 {[%clk 0:00:00]} 57. Rg3 {[%clk 0:07:22]}  Kh4 {[%clk 0:22:10]} 58. Rb3 {[%clk 0:07:22]}  Kg4 {[%clk 0:21:21]} 59. b5 {[%clk 0:06:59]} 1-0

[Event "45th FIDE Chess Olympiad Open"]
[Site "Budapest, Hungary"]
[Date "2024.09.20"]
[Round "9"]
[White "Orozbaev, Eldiyar"]
[Black "Vandenbussche, Thibaut"]
[Result "1-0"]
[Board "106"]
[WhiteFideId "13802240"]
[BlackFideId "204412"]
[WhiteTitle "FM"]
[BlackTitle "IM"]
[WhiteElo "2376"]
[BlackElo "2461"]
[WhiteTeam "Kyrgyzstan"]
[BlackTeam "Belgium"]
[WhiteClock "0:34:32"]
[BlackClock "0:00:34"]
[Variant "Standard"]

1. e4 {[%clk 1:30:58]}  d6 {[%clk 1:30:57]} 2. d4 {[%clk 1:31:21]}  Nf6 {[%clk 1:31:25]} 3. Bd3 {[%clk 1:31:47]}  e5 {[%clk 1:31:26]} 4. c3 {[%clk 1:32:14]}  Nbd7 {[%clk 1:31:14]} 5. f4 {[%clk 1:32:40]}  g6 {[%clk 1:24:38]} 6. Nf3 {[%clk 1:30:53]}  Qe7 {[%clk 1:23:03]} 7. O-O {[%clk 1:30:20]}  Bg7 {[%clk 1:23:19]} 8. Na3 {[%clk 1:24:38]}  O-O {[%clk 1:20:47]} 9. Nb5 {[%clk 1:15:07]}  Ne8 {[%clk 1:13:37]} 10. fxe5 {[%clk 1:15:01]}  dxe5 {[%clk 1:14:01]} 11. Bg5 {[%clk 1:15:27]}  f6 {[%clk 1:12:33]} 12. Bh4 {[%clk 1:14:41]}  a6 {[%clk 1:06:43]} 13. Na3 {[%clk 1:12:28]}  Nd6 {[%clk 1:06:58]} 14. Nc4 {[%clk 1:11:01]}  Nxc4 {[%clk 1:06:18]} 15. Bxc4+ {[%clk 1:11:26]}  Kh8 {[%clk 1:06:44]} 16. Qe2 {[%clk 1:09:34]}  exd4 {[%clk 0:54:30]} 17. cxd4 {[%clk 1:09:41]}  Nb6 {[%clk 0:54:39]} 18. e5 {[%clk 1:02:55]}  Nxc4 {[%clk 0:39:39]} 19. Qxc4 {[%clk 1:03:20]}  Be6 {[%clk 0:39:05]} 20. d5 {[%clk 1:02:54]}  Bg8 {[%clk 0:33:46]} 21. Rae1 {[%clk 0:58:58]}  g5 {[%clk 0:26:37]} 22. Bf2 {[%clk 0:58:05]}  fxe5 {[%clk 0:17:00]} 23. Bc5 {[%clk 0:58:12]}  Rf4 {[%clk 0:17:20]} 24. Qxf4 {[%clk 0:57:50]}  Qxc5+ {[%clk 0:17:43]} 25. Qe3 {[%clk 0:58:17]}  Qxe3+ {[%clk 0:17:37]} 26. Rxe3 {[%clk 0:58:42]}  e4 {[%clk 0:17:52]} 27. Rxe4 {[%clk 0:59:03]}  Bxd5 {[%clk 0:18:19]} 28. Re7 {[%clk 0:57:59]}  Rf8 {[%clk 0:13:29]} 29. Ne5 {[%clk 0:54:15]}  Kg8 {[%clk 0:09:58]} 30. Rd1 {[%clk 0:48:55]}  Bxa2 {[%clk 0:05:43]} 31. Nd7 {[%clk 0:45:22]}  Rf4 {[%clk 0:04:39]} 32. b4 {[%clk 0:38:49]}  Bd4+ {[%clk 0:03:02]} 33. Kh1 {[%clk 0:39:13]}  Bd5 {[%clk 0:02:47]} 34. h3 {[%clk 0:35:22]}  g4 {[%clk 0:02:51]} 35. Kh2 {[%clk 0:35:09]}  h5 {[%clk 0:01:04]} 36. Kg3 {[%clk 0:35:21]}  gxh3 {[%clk 0:00:37]} 37. Kxf4 {[%clk 0:34:06]}  hxg2 {[%clk 0:01:06]} 38. Ree1 {[%clk 0:34:09]}  h4 {[%clk 0:00:34]} 39. Rxd4 {[%clk 0:34:32]} 1-0

[Event "45th FIDE Chess Olympiad Open"]
[Site "Budapest, Hungary"]
[Date "2024.09.20"]
[Round "9"]
[White "Maerevoet, Sim"]
[Black "Abdyzhapar, Asylbek"]
[Result "0-1"]
[Board "107"]
[WhiteFideId "241725"]
[BlackFideId "13800337"]
[WhiteTitle "IM"]
[BlackTitle "IM"]
[WhiteElo "2432"]
[BlackElo "2357"]
[WhiteTeam "Belgium"]
[BlackTeam "Kyrgyzstan"]
[WhiteClock "0:21:44"]
[BlackClock "0:40:27"]
[Variant "Standard"]

1. Nf3 {[%clk 1:30:56]}  Nf6 {[%clk 1:30:37]} 2. g3 {[%clk 1:31:14]}  d5 {[%clk 1:29:37]} 3. Bg2 {[%clk 1:31:31]}  e6 {[%clk 1:29:56]} 4. O-O {[%clk 1:31:22]}  Be7 {[%clk 1:30:25]} 5. d3 {[%clk 1:31:11]}  O-O {[%clk 1:30:47]} 6. c4 {[%clk 1:30:33]}  c5 {[%clk 1:30:42]} 7. Ne5 {[%clk 1:30:05]}  Bd6 {[%clk 1:29:21]} 8. f4 {[%clk 1:25:37]}  Nbd7 {[%clk 1:17:17]} 9. Nxd7 {[%clk 1:22:09]}  Qxd7 {[%clk 1:16:35]} 10. e4 {[%clk 1:21:19]}  dxe4 {[%clk 1:16:23]} 11. dxe4 {[%clk 1:21:41]}  e5 {[%clk 1:16:38]} 12. Nc3 {[%clk 1:15:58]}  b6 {[%clk 1:15:05]} 13. f5 {[%clk 1:13:43]}  Be7 {[%clk 1:10:31]} 14. Qe2 {[%clk 1:11:37]}  Bb7 {[%clk 1:09:21]} 15. Be3 {[%clk 1:02:07]}  Rad8 {[%clk 1:08:33]} 16. Rad1 {[%clk 1:02:00]}  Qc7 {[%clk 1:08:47]} 17. g4 {[%clk 0:58:55]}  h6 {[%clk 1:07:47]} 18. h4 {[%clk 0:57:00]}  Rxd1 {[%clk 1:00:42]} 19. Rxd1 {[%clk 0:57:14]}  Nh7 {[%clk 1:00:50]} 20. Bf2 {[%clk 0:49:37]}  Rd8 {[%clk 0:57:55]} 21. Nd5 {[%clk 0:47:49]}  Bxd5 {[%clk 0:58:15]} 22. exd5 {[%clk 0:48:11]}  Bf6 {[%clk 0:46:00]} 23. Be4 {[%clk 0:48:15]}  Rd6 {[%clk 0:44:48]} 24. Kg2 {[%clk 0:40:30]}  Qd8 {[%clk 0:44:55]} 25. Rh1 {[%clk 0:40:34]}  Rd7 {[%clk 0:38:49]} 26. Qe3 {[%clk 0:39:49]}  Be7 {[%clk 0:38:42]} 27. Bc2 {[%clk 0:34:25]}  Bd6 {[%clk 0:37:49]} 28. g5 {[%clk 0:25:58]}  hxg5 {[%clk 0:30:20]} 29. f6 {[%clk 0:26:09]}  g4 {[%clk 0:30:21]} 30. Bxh7+ {[%clk 0:25:52]}  Kxh7 {[%clk 0:30:03]} 31. Qe4+ {[%clk 0:26:16]}  Kg8 {[%clk 0:27:09]} 32. Qxg4 {[%clk 0:24:44]}  Bf8 {[%clk 0:27:32]} 33. Bg3 {[%clk 0:22:27]}  Rd6 {[%clk 0:23:00]} 34. Bxe5 {[%clk 0:21:46]}  Rxd5 {[%clk 0:20:03]} 35. cxd5 {[%clk 0:21:40]}  Qxd5+ {[%clk 0:20:30]} 36. Kh3 {[%clk 0:17:49]}  Qxh1+ {[%clk 0:20:53]} 37. Kg3 {[%clk 0:16:34]}  Qg1+ {[%clk 0:14:40]} 38. Kf4 {[%clk 0:15:55]}  Qxg4+ {[%clk 0:14:36]} 39. Kxg4 {[%clk 0:16:20]}  gxf6 {[%clk 0:15:02]} 40. Bf4 {[%clk 0:08:11]}  c4 {[%clk 0:15:02]} 41. a4 {[%clk 0:30:07]}  f5+ {[%clk 0:40:31]} 42. Kxf5 {[%clk 0:30:24]}  Bg7 {[%clk 0:40:57]} 43. Bc1 {[%clk 0:26:44]}  Kh7 {[%clk 0:40:57]} 44. a5 {[%clk 0:21:27]}  bxa5 {[%clk 0:40:39]} 45. Ke4 {[%clk 0:21:44]}  Bh6 {[%clk 0:40:27]} 0-1

[Event "45th FIDE Chess Olympiad Open"]
[Site "Budapest, Hungary"]
[Date "2024.09.20"]
[Round "9"]
[White "Sezdbekov, Ruslan"]
[Black "Lenaerts, Lennert"]
[Result "1/2-1/2"]
[Board "108"]
[WhiteFideId "13801856"]
[BlackFideId "211435"]
[WhiteTitle "FM"]
[BlackTitle "FM"]
[WhiteElo "2251"]
[BlackElo "2300"]
[WhiteTeam "Kyrgyzstan"]
[BlackTeam "Belgium"]
[WhiteClock "0:23:54"]
[BlackClock "0:20:11"]
[Variant "Standard"]

1. e4 {[%clk 1:30:57]}  c5 {[%clk 1:30:55]} 2. Nf3 {[%clk 1:31:19]}  e6 {[%clk 1:31:20]} 3. c3 {[%clk 1:31:33]}  Nf6 {[%clk 1:31:11]} 4. e5 {[%clk 1:31:42]}  Nd5 {[%clk 1:31:35]} 5. d4 {[%clk 1:32:07]}  cxd4 {[%clk 1:31:51]} 6. Bc4 {[%clk 1:30:57]}  d6 {[%clk 1:28:54]} 7. cxd4 {[%clk 1:29:52]}  Be7 {[%clk 1:29:19]} 8. O-O {[%clk 1:29:47]}  O-O {[%clk 1:29:44]} 9. Qe2 {[%clk 1:29:38]}  b6 {[%clk 1:29:11]} 10. Rd1 {[%clk 1:28:33]}  Bb7 {[%clk 1:29:33]} 11. Nc3 {[%clk 1:24:33]}  Nxc3 {[%clk 1:13:37]} 12. bxc3 {[%clk 1:24:50]}  Qc7 {[%clk 1:13:28]} 13. Bf4 {[%clk 1:22:50]}  Nd7 {[%clk 1:09:52]} 14. d5 {[%clk 1:15:57]}  exd5 {[%clk 1:07:56]} 15. Bxd5 {[%clk 1:15:43]}  Bxd5 {[%clk 1:06:41]} 16. Rxd5 {[%clk 1:16:03]}  dxe5 {[%clk 1:07:08]} 17. Nxe5 {[%clk 1:15:40]}  Nxe5 {[%clk 1:05:35]} 18. Bxe5 {[%clk 1:16:01]}  Qc6 {[%clk 1:05:58]} 19. Rad1 {[%clk 1:15:09]}  Rfe8 {[%clk 1:03:43]} 20. Qg4 {[%clk 1:11:12]}  Qg6 {[%clk 0:59:24]} 21. h3 {[%clk 1:07:16]}  Qxg4 {[%clk 0:49:35]} 22. hxg4 {[%clk 1:07:41]}  h6 {[%clk 0:50:03]} 23. Rd7 {[%clk 1:04:27]}  Bc5 {[%clk 0:47:02]} 24. Bd4 {[%clk 1:01:20]}  Re2 {[%clk 0:43:07]} 25. Bxc5 {[%clk 0:56:48]}  bxc5 {[%clk 0:43:32]} 26. Rc7 {[%clk 0:52:55]}  Rxa2 {[%clk 0:43:55]} 27. Rdd7 {[%clk 0:52:51]}  Rf8 {[%clk 0:32:51]} 28. Rxc5 {[%clk 0:49:56]}  a5 {[%clk 0:33:15]} 29. Ra7 {[%clk 0:48:57]}  a4 {[%clk 0:33:40]} 30. Rca5 {[%clk 0:45:47]}  Re8 {[%clk 0:23:21]} 31. Rf5 {[%clk 0:44:57]}  f6 {[%clk 0:23:40]} 32. Rc5 {[%clk 0:32:52]}  Re5 {[%clk 0:21:41]} 33. Rxe5 {[%clk 0:27:22]}  fxe5 {[%clk 0:20:30]} 34. c4 {[%clk 0:27:36]}  Kh7 {[%clk 0:19:26]} 35. c5 {[%clk 0:25:24]}  Kg6 {[%clk 0:19:49]} 36. c6 {[%clk 0:25:49]}  Rc2 {[%clk 0:20:11]} 37. Rxa4 {[%clk 0:23:54]} 1/2-1/2

[Event "45th FIDE Chess Olympiad Open"]
[Site "Budapest, Hungary"]
[Date "2024.09.20"]
[Round "9"]
[White "Rodrigue-Lemieux, Shawn"]
[Black "Atabayev, Saparmyrat"]
[Result "0-1"]
[Board "109"]
[WhiteFideId "2620049"]
[BlackFideId "14000571"]
[WhiteTitle "GM"]
[BlackTitle "IM"]
[WhiteElo "2509"]
[BlackElo "2516"]
[WhiteTeam "Canada"]
[BlackTeam "Turkmenistan"]
[WhiteClock "0:02:29"]
[BlackClock "0:05:41"]
[Variant "Standard"]

1. e4 {[%clk 1:30:55]}  e5 {[%clk 1:30:48]} 2. Nf3 {[%clk 1:31:17]}  Nf6 {[%clk 1:31:11]} 3. d4 {[%clk 1:30:35]}  Nxe4 {[%clk 1:31:34]} 4. Bd3 {[%clk 1:30:43]}  d5 {[%clk 1:31:55]} 5. Nxe5 {[%clk 1:30:29]}  Bd6 {[%clk 1:31:11]} 6. O-O {[%clk 1:26:18]}  O-O {[%clk 1:31:31]} 7. c4 {[%clk 1:21:09]}  c6 {[%clk 1:31:35]} 8. Qc2 {[%clk 1:15:54]}  Nd7 {[%clk 1:26:32]} 9. cxd5 {[%clk 1:05:56]}  cxd5 {[%clk 1:26:47]} 10. Bxe4 {[%clk 1:05:53]}  dxe4 {[%clk 1:26:25]} 11. Qxe4 {[%clk 1:06:03]}  Re8 {[%clk 1:23:26]} 12. Bf4 {[%clk 1:02:27]}  Nb6 {[%clk 1:00:13]} 13. Qf3 {[%clk 0:55:31]}  Be6 {[%clk 0:57:27]} 14. Nc3 {[%clk 0:48:27]}  Bf8 {[%clk 0:57:49]} 15. Rfe1 {[%clk 0:23:20]}  Qxd4 {[%clk 0:40:06]} 16. Rad1 {[%clk 0:23:43]}  Qb4 {[%clk 0:39:42]} 17. Nd3 {[%clk 0:22:56]}  Qc4 {[%clk 0:35:24]} 18. Ne5 {[%clk 0:20:02]}  Qa6 {[%clk 0:33:39]} 19. Ng4 {[%clk 0:11:14]}  Kh8 {[%clk 0:31:28]} 20. h3 {[%clk 0:04:51]}  Rac8 {[%clk 0:26:59]} 21. Re5 {[%clk 0:00:58]}  Nc4 {[%clk 0:24:49]} 22. Rb5 {[%clk 0:01:07]}  b6 {[%clk 0:19:27]} 23. a4 {[%clk 0:01:30]}  Rc5 {[%clk 0:15:55]} 24. b3 {[%clk 0:01:24]}  Na3 {[%clk 0:15:29]} 25. Rxc5 {[%clk 0:01:48]}  bxc5 {[%clk 0:15:56]} 26. Nd5 {[%clk 0:00:48]}  Qb7 {[%clk 0:16:00]} 27. Qd3 {[%clk 0:00:33]}  Rd8 {[%clk 0:15:06]} 28. Nge3 {[%clk 0:00:55]}  Qc6 {[%clk 0:15:11]} 29. Be5 {[%clk 0:00:35]}  Bxd5 {[%clk 0:07:23]} 30. Nxd5 {[%clk 0:00:56]}  c4 {[%clk 0:07:52]} 31. bxc4 {[%clk 0:01:01]}  Nxc4 {[%clk 0:07:58]} 32. Qd4 {[%clk 0:00:37]}  Nb6 {[%clk 0:06:49]} 33. Qc3 {[%clk 0:01:06]}  Qxa4 {[%clk 0:03:08]} 34. Rd4 {[%clk 0:01:35]}  Nxd5 {[%clk 0:03:05]} 35. Rxa4 {[%clk 0:01:11]}  Nxc3 {[%clk 0:03:34]} 36. Bxc3 {[%clk 0:01:31]}  Bc5 {[%clk 0:03:56]} 37. Kf1 {[%clk 0:00:46]}  f6 {[%clk 0:03:52]} 38. Ke2 {[%clk 0:00:44]}  Kg8 {[%clk 0:04:19]} 39. g4 {[%clk 0:00:39]}  Re8+ {[%clk 0:04:27]} 40. Kf3 {[%clk 0:01:00]}  Kf7 {[%clk 0:04:29]} 41. h4 {[%clk 0:25:00]}  Ke6 {[%clk 0:31:29]} 42. g5 {[%clk 0:22:06]}  Rb8 {[%clk 0:26:16]} 43. gxf6 {[%clk 0:19:57]}  gxf6 {[%clk 0:26:43]} 44. Ra5 {[%clk 0:15:21]}  Bb6 {[%clk 0:23:59]} 45. Rh5 {[%clk 0:15:43]}  Rb7 {[%clk 0:23:57]} 46. Bd2 {[%clk 0:10:09]}  a6 {[%clk 0:23:27]} 47. Be3 {[%clk 0:09:20]}  Bd8 {[%clk 0:23:42]} 48. Bd2 {[%clk 0:09:05]}  Rf7 {[%clk 0:15:35]} 49. Ba5 {[%clk 0:08:28]}  Be7 {[%clk 0:15:47]} 50. Bc3 {[%clk 0:06:41]}  Bd6 {[%clk 0:13:48]} 51. Ra5 {[%clk 0:07:03]}  Ra7 {[%clk 0:12:33]} 52. Ke4 {[%clk 0:07:08]}  Bc7 {[%clk 0:11:39]} 53. Rc5 {[%clk 0:06:06]}  Bd6 {[%clk 0:08:29]} 54. Ra5 {[%clk 0:06:29]}  Bc7 {[%clk 0:08:09]} 55. Rc5 {[%clk 0:06:57]}  a5 {[%clk 0:08:08]} 56. Bd4 {[%clk 0:04:05]}  Bd8 {[%clk 0:03:51]} 57. Rc6+ {[%clk 0:03:52]}  Kd7 {[%clk 0:04:13]} 58. Kd5 {[%clk 0:04:12]}  Ra8 {[%clk 0:03:50]} 59. Bxf6 {[%clk 0:03:16]}  Bxf6 {[%clk 0:04:06]} 60. Rxf6 {[%clk 0:03:41]}  a4 {[%clk 0:04:10]} 61. Rd6+ {[%clk 0:02:27]}  Ke7 {[%clk 0:04:27]} 62. Re6+ {[%clk 0:02:03]}  Kf7 {[%clk 0:04:55]} 63. Re2 {[%clk 0:02:19]}  a3 {[%clk 0:05:19]} 64. Ra2 {[%clk 0:02:46]}  Kf6 {[%clk 0:03:44]} 65. Ke4 {[%clk 0:02:45]}  Ra4+ {[%clk 0:04:08]} 66. Kf3 {[%clk 0:02:52]}  Rxh4 {[%clk 0:04:18]} 67. Kg3 {[%clk 0:01:07]}  Ra4 {[%clk 0:04:45]} 68. f3 {[%clk 0:01:25]}  Kf5 {[%clk 0:04:37]} 69. Kf2 {[%clk 0:01:19]}  Kf4 {[%clk 0:04:53]} 70. Kg2 {[%clk 0:01:31]}  h5 {[%clk 0:05:12]} 71. Kf2 {[%clk 0:02:01]}  h4 {[%clk 0:05:20]} 72. Kg2 {[%clk 0:02:29]}  Ra8 {[%clk 0:05:41]} 0-1